logo

Bir Sreshtho Munshi Abdur Rouf Library
Jhenaidah Cadet College

ক্লাসিক ফিকশন: (Record no. 11835)

MARC details
000 -LEADER
fixed length control field 00743nam a2200229 a 4500
001 - CONTROL NUMBER
JCCL Control Number 11835
003 - CONTROL NUMBER IDENTIFIER
JCCL marc code BD-JhCC
005 - DATE AND TIME OF LATEST TRANSACTION
control field 20201119104933.0
008 - FIXED-LENGTH DATA ELEMENTS--GENERAL INFORMATION
fixed length control field 201119s2012 bg a||||||||| 000 0 ben d
020 ## - INTERNATIONAL STANDARD BOOK NUMBER
International Standard Book Number 9789844143579
035 ## - SYSTEM CONTROL NUMBER
system control number (BD-JhCC)11835
040 ## - CATALOGING SOURCE
Original cataloging agency BD-JhCC
Modifying agency BD-JhCC
041 ## - LANGUAGE CODE
Language code of Book bengali
082 ## - DEWEY DECIMAL CLASSIFICATION NUMBER
Classification number 891.44317
Author mark and Year AHM 2012
100 ## - MAIN ENTRY--PERSONAL NAME
Personal name আহমেদ, মোশতাক
245 ## - TITLE STATEMENT
Title ক্লাসিক ফিকশন:
Remainder of title রিবিটের দুঃখ /
Statement of responsibility, etc মোশতাক আহমেদ ।
260 ## - PUBLICATION, DISTRIBUTION, ETC. (IMPRINT)
Place of publication, distribution, etc ঢাকা:
Name of publisher, distributor, etc অনিন্দ্য প্রকাশ;
Date of publication, distribution, etc ২০১২.
300 ## - PHYSICAL DESCRIPTION
Pagination 111 p. :
Other physical details ill;
Dimensions 22 cm.
650 ## - SUBJECT ADDED ENTRY--TOPICAL TERM
Topical term or geographic name as entry element Bengali fiction
Form subdivision Bengali
942 ## - ADDED ENTRY ELEMENTS (KOHA)
Source of classification or shelving scheme Dewey Decimal Classification
Koha item type Books
Holdings
Source of classification or shelving scheme Damaged status Not for loan Home library Current library Shelving location Date of accession Source of acquisition Cost, normal purchase price Total Checkouts Full call number Barcode Date last seen Date checked out Copy number Koha item type
Dewey Decimal Classification     JCC Rouf Library JCC Rouf Library General Stacks 11/19/2020 Lt. Gen. Mahfuzur Rahman (10 Intake) 113.00 1 891.44317 AHM 2012 16154 11/12/2025 11/05/2025 C-1 Books

JCC Library | Contacts | JCC Home

Last Update on 23 September 2017
Copyright @ 2017-2020 JCC Rouf Library
Rouf Library, Jhenidah Cadet College (JCC), Bangladesh